| 000 | 00508ntaaa2200181 4500 | ||
|---|---|---|---|
| 003 | 01 | ||
| 005 | 20251027201538.0 | ||
| 008 | 0714s1973 ag 01 | ||
| 040 |
_aAR-BaBN _bspa _cAR-BaBN _eaacr _dRIC |
||
| 082 | _a227.8700 Sa6 | ||
| 100 |
_aSaphir _914101 |
||
| 245 | _aThe Epistle to the Hebrews; VOL. I | ||
| 250 |
_a1 ed. : _bGospel Publishing House, _cn.f. |
||
| 300 | _axiii, 440 p. | ||
| 500 | _a(estudio de la epĂstola a los Hebreos) | ||
| 650 |
_aBiblia-Nuevo Testamento-Hebreos _94445 |
||
| 942 | _cBK | ||
| 999 |
_c10071 _d10071 |
||